000 00278nam a2200121Ia 4500
008 190216s9999||||xx |||||||||||||| ||und||
100 _aBalamani Amma
245 0 _aMathruhridayam
260 _bPoorna Pubs Kozhikode
_c1988
300 _a67p
650 _aKavithkal
942 _cBK
999 _c26612
_d26612